| 000 | 01364nam a2200349 a 4500 | ||
|---|---|---|---|
| 001 | ebr10007043 | ||
| 003 | CaPaEBR | ||
| 006 | m u | ||
| 007 | cr cn||||||||| | ||
| 008 | 020701s2001 enka s 001 0 eng | ||
| 015 | _aGBA2-Z3818 | ||
| 016 | 7 |
_a1931836493 _2Uk |
|
| 020 | _z1931836493(pbk.) | ||
| 040 |
_aCaPaEBR _cCaPaEBR |
||
| 035 | _a(OCoLC)559474542 | ||
| 050 | 1 | 4 |
_aQA76.76.O63 _bT63 2001eb |
| 082 | 0 | 4 |
_a005.8 _221 |
| 100 | 1 | _aTodd, Chad. | |
| 245 | 1 | 0 |
_aHack proofing Windows 2000 _h[electronic resource] / _cChad Todd ; Norris L. Johnson, technical editor. |
| 246 | 1 | 4 | _aHack proofing Windows 2000 server |
| 260 |
_aRockland, Mass. : _bSyngress ; _a[London : _bInternational Thomson [distributor]], _cc2001. |
||
| 300 |
_axxv, 693 p. : _bill. |
||
| 500 | _aIncludes index. | ||
| 500 | _aCover title: Hack proofing Windows 2000 server. | ||
| 533 |
_aElectronic reproduction. _bPalo Alto, Calif. : _cebrary, _d2013. _nAvailable via World Wide Web. _nAccess may be limited to ebrary affiliated libraries. |
||
| 630 | 0 | 0 | _aMicrosoft Windows server. |
| 650 | 0 | _aComputer security. | |
| 650 | 0 |
_aComputer networks _xSecurity measures. |
|
| 655 | 7 |
_aElectronic books. _2local |
|
| 710 | 2 | _aebrary, Inc. | |
| 856 | 4 | 0 |
_uhttp://site.ebrary.com/lib/rucke/Doc?id=10007043 _zAn electronic book accessible through the World Wide Web; click to view |
| 999 |
_c397 _d397 |
||